000 00601cab a2200253 4500
001 ABS60389
008 090401t1999 xxu||||| |||| 00| 0 eng d
035 _a(Sirsi) u93125
041 _aeng
100 _aWhite, G.
245 _aWhy the millennium bug needn`t bug you
260 _c1999
350 _a0
490 _aProperty Week
_v64 (16) 23 April 1999, 32-33(2)
650 _aLANDLORDS
650 _aLEASES
650 _aLETTINGS
650 _aMILLENNIUM BUG
650 _aTENANTS
650 _aYEAR 2000 COMPLIANCE
700 _aVivian, J.
942 _n0
948 _c04/05/1999
999 _c59015
_d59015